Making places in the prehistoric world : (Record no. 353740)

000 -LEADER
fixed length control field 01268cam a2200361 a 4500
001 - CONTROL NUMBER
control field 11923118
003 - CONTROL NUMBER IDENTIFIER
control field OSt
005 - DATE AND TIME OF LATEST TRANSACTION
control field 20180116192416.0
008 - FIXED-LENGTH DATA ELEMENTS--GENERAL INFORMATION
fixed length control field 000225s1999 enkab b 001 0 eng d
010 ## - LIBRARY OF CONGRESS CONTROL NUMBER
LC control number 00551245
015 ## - NATIONAL BIBLIOGRAPHY NUMBER
National bibliography number GB99-45791
020 ## - INTERNATIONAL STANDARD BOOK NUMBER
International Standard Book Number 1857286944 (hb)
020 ## - INTERNATIONAL STANDARD BOOK NUMBER
International Standard Book Number 1857287533 (pbk.)
035 ## - SYSTEM CONTROL NUMBER
System control number (OCoLC)ocm41582686
040 ## - CATALOGING SOURCE
Original cataloging agency UKM
Transcribing agency UKM
Modifying agency IXA
-- DLC
042 ## - AUTHENTICATION CODE
Authentication code lccopycat
050 00 - LIBRARY OF CONGRESS CALL NUMBER
Classification number GN799.S43
Item number B78 1999
082 ## - DEWEY DECIMAL CLASSIFICATION NUMBER
Classification number 930.1
100 1# - MAIN ENTRY--PERSONAL NAME
Personal name Brück, Joanna.
9 (RLIN) 6716
245 10 - TITLE STATEMENT
Title Making places in the prehistoric world :
Remainder of title themes in settlement archaeology /
Statement of responsibility, etc. Joanna Brück and Melissa Goodman.
260 ## - PUBLICATION, DISTRIBUTION, ETC.
Place of publication, distribution, etc. London :
Name of publisher, distributor, etc. Routledge,
Date of publication, distribution, etc. 1999.
300 ## - PHYSICAL DESCRIPTION
Extent xvi, 221 p. :
Other physical details ill., maps ;
Dimensions 24 cm.
504 ## - BIBLIOGRAPHY, ETC. NOTE
Bibliography, etc. note Includes bibliographical references and index.
650 #0 - SUBJECT ADDED ENTRY--TOPICAL TERM
Topical term or geographic name entry element Land settlement patterns, Prehistoric.
9 (RLIN) 6717
650 #0 - SUBJECT ADDED ENTRY--TOPICAL TERM
Topical term or geographic name entry element Human settlements.
9 (RLIN) 6718
650 #0 - SUBJECT ADDED ENTRY--TOPICAL TERM
Topical term or geographic name entry element Social archaeology.
9 (RLIN) 6719
650 #0 - SUBJECT ADDED ENTRY--TOPICAL TERM
Topical term or geographic name entry element Demographic archaeology.
9 (RLIN) 6720
700 1# - ADDED ENTRY--PERSONAL NAME
Personal name Goodman, Melissa.
9 (RLIN) 6721
906 ## - LOCAL DATA ELEMENT F, LDF (RLIN)
a 7
b cbc
c copycat
d 2
e ncip
f 20
g y-gencatlg
942 ## - ADDED ENTRY ELEMENTS (KOHA)
Source of classification or shelving scheme
Koha item type Book
Holdings
Withdrawn status Lost status Source of classification or shelving scheme Damaged status Not for loan Permanent Location Current Location Date acquired Total Checkouts Full call number Barcode Date last seen Copy number Cost, replacement price Price effective from Koha item type
          School of Art Design and Architecture (SADA) School of Art Design and Architecture (SADA) 07/18/2013   930.1 BRU 1999 SADA0002123 01/05/2017 1 3695.72 01/05/2017 Book
© 2023 Central Library, National University of Sciences and Technology. All Rights Reserved.